PISA-Studie - Statistiken

Allgemein
  • Dieses Quiz wurde 116 mal gespielt
  • Das Durchschnittsergebnis liegt bei 24 aus 30
Antwortstatistiken
Platz Punkte Land % Korrekt
13. 508 Deutschland
99%
17. 504 Norwegen
96%
25. 496 Schweden
96%
8. 523 Finnland
95%
25. 496 Frankreich
94%
15. 506 Schweiz
92%
23. 500 Vereinigtes Königreich
92%
3. 529 Japan
91%
4. 527 Kanada
91%
27. 492 Österreich
91%
10. 514 China
90%
13. 508 Niederlande
90%
20. 503 Belgien
89%
24. 497 Portugal
89%
27. 492 Spanien
89%
21. 502 Australien
86%
17. 504 Polen
86%
12. 509 Irland
85%
17. 504 Dänemark
84%
9. 519 Südkorea
82%
15. 506 Neuseeland
81%
30. 491 Tschechien
80%
27. 492 Russland
78%
6. 524 Estland
69%
11. 509 Slowenien
61%
1. 552 Singapur
59%
6. 524 Taiwan
56%
21. 502 Vietnam
42%
2. 536 Hongkong
27%
4. 527 Macau
13%
Keine übereinstimmenden Quizze gefunden
Verteilung der Resultate
Anzahl Personen mit jedem Resultat
Perzentil nach korrekt beantworteten Fragen
Ihre Resultats-Entwicklung
Sie haben dieses Quiz noch nicht gespielt